000 00913cam a2200229 4500500
005 20260111080334.0
041 _afre
042 _adc
100 1 0 _aOliva, Éric
_eauthor
245 0 0 _aLes Institutions financières indépendantes : des institutions récentes en quête d’identité et de légitimité
260 _c2019.
500 _a54
690 _aFonds monétaire international (FMI)
690 _aHaut conseil des finances publiques
690 _ainstitutions budgétaires indépendantes
690 _ainstitutions financières indépendantes
690 _aOCDE
690 _aOrganisation de coopération et de développement économique
690 _aUnion européenne
786 0 _nGestion & Finances Publiques | 4 | 4 | 2019-09-13 | p. 11-29 | 1969-1009
856 4 1 _uhttps://droit.cairn.info/revue-gestion-et-finances-publiques-2019-4-page-11?lang=fr&redirect-ssocas=7080
999 _c1616178
_d1616178